| 000 | 00359nam a2200145Ia 4500 | ||
|---|---|---|---|
| 008 | 150201s2007 xx 000 0 und d | ||
| 082 |
_a612 _bH2007K |
||
| 100 | _aKHURANA | ||
| 245 | _aTEXT BOOK OF HUMAN PHYSIOLOGY FOR DENTAL STUDENTS | ||
| 250 | _a1ST | ||
| 260 |
_bELSEVIER _aDELHI _c2007 |
||
| 300 | _a1-786 | ||
| 650 | _aPHYSIOLOGY | ||
| 942 |
_2ddc _cBK _037 |
||
| 999 |
_c3684 _d3684 |
||